[Event "Charlesbourg Khalif"]
[Site "Charlesbourg CAN"]
[Date "2007.03.05"]
[Round "4"]
[White "Chiffot, Nicolas"]
[Black "Plante, Rejean"]
[Result "0-1"]
[WhiteElo "1804"]
[BlackElo "2108"]
[PlyCount "68"]
[GameId "2160767910718368"]
[EventDate "2007.02.19"]
[EventType "swiss"]
[EventRounds "5"]
[EventCountry "CAN"]
[SourceTitle "EXT 2022"]
[Source "ChessBase"]
[SourceDate "2021.10.06"]
[SourceVersion "1"]
[SourceVersionDate "2021.10.06"]
[SourceQuality "1"]

1. d4 d5 2. Nf3 e6 3. e3 f5 4. c4 c6 5. Nc3 Nf6 6. Qc2 Bd6 7. Bd3 Ne4 8. Ne5 O-O 9. g3 Nd7 10. Nxd7 Bxd7 11. f3 Ng5 12. Qg2 dxc4 13. Bxc4 b5 14. Bd3 Nf7 15. Bd2 e5 16. d5 b4 17. Ne2 cxd5 18. e4 fxe4 19. fxe4 d4 20. O-O Be6 21. Nxd4 Bc5 22. Kh1 Qxd4 23. Bc2 Qxb2 24. Ba4 Rad8 25. Rfd1 Bg4 26. Rab1 Qd4 27. Be1 Bf3 28. Rxd4 Bxg2+ 29. Kxg2 Rxd4 30. Bb3 Rxe4 31. Rc1 g6 32. Kf3 Rxe1 33. Rxe1 Bd4 34. Rc1 Kh8 0-1

[Event "Charlesbourg Khalif"]
[Site "Charlesbourg CAN"]
[Date "2007.03.05"]
[Round "4"]
[White "Gagnon, Francois"]
[Black "Cournoyer, Dominic"]
[Result "1-0"]
[WhiteElo "1681"]
[BlackElo "1839"]
[PlyCount "61"]
[GameId "2160767910718369"]
[EventDate "2007.02.19"]
[EventType "swiss"]
[EventRounds "5"]
[EventCountry "CAN"]
[SourceTitle "EXT 2022"]
[Source "ChessBase"]
[SourceDate "2021.10.06"]
[SourceVersion "1"]
[SourceVersionDate "2021.10.06"]
[SourceQuality "1"]

1. e4 c6 2. d4 d5 3. Nc3 dxe4 4. Nxe4 Nf6 5. Nxf6+ exf6 6. Nf3 Be6 7. Bd3 Qc7 8. Qe2 Be7 9. O-O Nd7 10. Re1 Nb6 11. c4 O-O-O 12. Bd2 Rhe8 13. Ba5 Qf4 14. c5 Nd5 15. Bxd8 Bxd8 16. a3 Qh6 17. g3 g5 18. b4 Qg7 19. b5 Nc3 20. Qc2 Nxb5 21. Bxb5 cxb5 22. c6 Re7 23. d5 Bxd5 24. Rxe7 Bxe7 25. cxb7+ Kxb7 26. Qe2 Bxf3 27. Qxf3+ Kb6 28. a4 Qf8 29. a5+ Kc7 30. Rc1+ Kb8 31. a6 1-0

[Event "Charlesbourg Khalif"]
[Site "Charlesbourg CAN"]
[Date "2007.03.05"]
[Round "4"]
[White "Lapierre, Gaetan"]
[Black "Gago, Nelson"]
[Result "1/2-1/2"]
[WhiteElo "1947"]
[BlackElo "1961"]
[PlyCount "74"]
[GameId "2160767910718370"]
[EventDate "2007.02.19"]
[EventType "swiss"]
[EventRounds "5"]
[EventCountry "CAN"]
[SourceTitle "EXT 2022"]
[Source "ChessBase"]
[SourceDate "2021.10.06"]
[SourceVersion "1"]
[SourceVersionDate "2021.10.06"]
[SourceQuality "1"]

1. e4 c5 2. Nc3 e6 3. Nf3 Nc6 4. Be2 Nf6 5. O-O Be7 6. d3 d6 7. d4 O-O 8. dxc5 dxc5 9. Qxd8 Rxd8 10. e5 Nd5 11. Ne4 b6 12. Rd1 Bb7 13. Bg5 h6 14. Bxe7 Ncxe7 15. Nd6 Bc6 16. Bb5 Nb4 17. Bxc6 Nbxc6 18. Nb5 Ng6 19. Rd6 Ncxe5 20. Rxd8+ Rxd8 21. Nxe5 Nxe5 22. Nxa7 Rd2 23. Rc1 Ng4 24. h3 Nxf2 25. Nc8 b5 26. Na7 Rd1+ 27. Rxd1 Nxd1 28. Nxb5 Nxb2 29. Kf2 Kf8 30. Ke2 Ke7 31. Kd2 Kd7 32. Kc3 Kc6 33. Na7+ Kb7 34. Nb5 Kc6 35. Na7+ Kb7 36. Nb5 Kc6 37. Na7+ Kb7 1/2-1/2

[Event "Charlesbourg Khalif"]
[Site "Charlesbourg CAN"]
[Date "2007.03.12"]
[Round "5"]
[White "Cournoyer, Dominic"]
[Black "Chiffot, Nicolas"]
[Result "0-1"]
[WhiteElo "1839"]
[BlackElo "1804"]
[PlyCount "120"]
[GameId "2160767910718371"]
[EventDate "2007.02.19"]
[EventType "swiss"]
[EventRounds "5"]
[EventCountry "CAN"]
[SourceTitle "EXT 2022"]
[Source "ChessBase"]
[SourceDate "2021.10.06"]
[SourceVersion "1"]
[SourceVersionDate "2021.10.06"]
[SourceQuality "1"]

1. c4 c5 2. Nf3 Nf6 3. d4 cxd4 4. Nxd4 d6 5. g3 g6 6. Bg2 Bg7 7. Na3 a6 8. O-O O-O 9. Qb3 Qc7 10. Bd2 Nc6 11. Nxc6 bxc6 12. Qf3 Rb8 13. Bc3 Bd7 14. Nc2 Rfc8 15. Nb4 Qb6 16. Qd3 a5 17. Nc2 Ng4 18. Bxg7 Kxg7 19. Rab1 Qc5 20. Qc3+ Kg8 21. Qd4 Qxd4 22. Nxd4 Ne5 23. b3 c5 24. Nf3 Nxf3+ 25. Bxf3 Rb6 26. Be4 Rcb8 27. Rfc1 Bf5 28. Bxf5 gxf5 29. Rc3 a4 30. Kg2 Kg7 31. f4 Kg6 32. Re3 R8b7 33. Kf3 Rb4 34. Rc3 e6 35. Rd3 Rxc4 36. Rxd6 Rc2 37. Rc6 Rxa2 38. Rxc5 Ra3 39. Ke3 Raxb3+ 40. Rxb3 axb3 41. Rc1 b2 42. Rb1 Kf6 43. Kd3 e5 44. e3 Rb3+ 45. Kd2 e4 46. Kc2 Rxe3 47. Rxb2 Re2+ 48. Kc3 Rxb2 49. Kxb2 Ke6 50. Kc3 Kd5 51. h3 h6 52. g4 fxg4 53. hxg4 f6 54. Kd2 Kd4 55. Ke2 e3 56. Kd1 Ke4 57. Ke1 Kxf4 58. Ke2 Ke4 59. Kd1 Kf3 60. Ke1 Kxg4 0-1

[Event "Charlesbourg Khalif"]
[Site "Charlesbourg CAN"]
[Date "2007.03.12"]
[Round "5"]
[White "Laflamme, Simon"]
[Black "Fecteau, Martin"]
[Result "0-1"]
[WhiteElo "1938"]
[BlackElo "2020"]
[PlyCount "68"]
[GameId "2160767910718372"]
[EventDate "2007.02.19"]
[EventType "swiss"]
[EventRounds "5"]
[EventCountry "CAN"]
[SourceTitle "EXT 2022"]
[Source "ChessBase"]
[SourceDate "2021.10.06"]
[SourceVersion "1"]
[SourceVersionDate "2021.10.06"]
[SourceQuality "1"]

1. e4 e6 2. d4 d5 3. Nc3 Nf6 4. Bg5 Be7 5. e5 Nfd7 6. h4 Bxg5 7. hxg5 Qxg5 8. Qd3 h6 9. Nf3 Qe7 10. O-O-O c6 11. g4 b6 12. g5 Ba6 13. Qe3 Bxf1 14. gxh6 Rxh6 15. Rxh6 gxh6 16. Rxf1 Na6 17. Qxh6 O-O-O 18. Rg1 Nc7 19. Rg7 c5 20. Ng5 Rf8 21. Qh7 Ne8 22. Rg6 cxd4 23. Nxe6 dxc3 24. Nxf8 cxb2+ 25. Kb1 Nxf8 26. Rc6+ Kb7 27. Qh6 Ne6 28. Rc3 Nc5 29. f4 Nc7 30. Qh1 a5 31. Rc4 Ka7 32. Rd4 Nb5 33. Rd2 Ne4 34. Rd3 Nec3+ 0-1

[Event "Charlesbourg Khalif"]
[Site "Charlesbourg CAN"]
[Date "2007.03.23"]
[Round "5"]
[White "Plante, Rejean"]
[Black "Caron, Sebastien"]
[Result "0-1"]
[WhiteElo "2108"]
[BlackElo "1885"]
[PlyCount "144"]
[GameId "2160767910718373"]
[EventDate "2007.02.19"]
[EventType "swiss"]
[EventRounds "5"]
[EventCountry "CAN"]
[SourceTitle "EXT 2022"]
[Source "ChessBase"]
[SourceDate "2021.10.06"]
[SourceVersion "1"]
[SourceVersionDate "2021.10.06"]
[SourceQuality "1"]

1. d4 Nf6 2. c4 g6 3. Nc3 Bg7 4. e4 d6 5. Be2 O-O 6. Bg5 c6 7. Qd2 Nbd7 8. h4 e5 9. dxe5 dxe5 10. h5 Nc5 11. h6 Qxd2+ 12. Bxd2 Bh8 13. f3 Nh5 14. Be3 Ne6 15. g4 Nhf4 16. O-O-O Nd4 17. Bf1 Be6 18. Rh2 Rfd8 19. Rhd2 Bf6 20. Bxf4 exf4 21. Kb1 a6 22. e5 Bxe5 23. Ne4 f5 24. Nc5 fxg4 25. Nd3 Bf5 26. fxg4 Bxd3+ 27. Bxd3 Ne6 28. c5 Kf8 29. Nf3 Bf6 30. b4 Ng5 31. Nxg5 Bxg5 32. Kc2 a5 33. b5 Rd5 34. bxc6 Rxc5+ 35. Kb1 bxc6 36. Rb2 Rd8 37. Rb7 Rc3 38. Bc2 Rxd1+ 39. Bxd1 Bxh6 40. Rxh7 Bg5 41. Bc2 Rg3 42. Bxg6 f3 43. Rf7+ Kg8 44. Rf5 Be3 45. Bf7+ Kg7 46. Bc4 f2 47. Be2 Rg1+ 48. Kc2 c5 49. Kd3 Bd4 50. Kc2 Ra1 51. Kb3 a4+ 52. Ka3 Be3 53. Bc4 Rc1 54. Be2 Rc2 55. Bf1 Bc1+ 56. Kxa4 Rxa2+ 57. Kb3 Ra3+ 58. Kc2 Be3 59. Kb2 Ra4 60. Be2 Rd4 61. Kc3 Rd2 62. Bd3 Rd1 63. Be2 Bd4+ 64. Kc2 Ra1 65. Bc4 Ra3 66. Bf1 c4 67. Be2 Ra2+ 68. Kd1 Be3 69. Bxc4 Rd2+ 70. Kc1 Rd4+ 71. Kc2 Rxc4+ 72. Kd3 Rc1 0-1

[Event "Charlesbourg Millenium"]
[Site "Charlesbourg CAN"]
[Date "2007.12.03"]
[Round "2"]
[White "Leclerc, Jean-Francois"]
[Black "Tremblay, Rejean"]
[Result "0-1"]
[WhiteElo "1478"]
[BlackElo "2237"]
[PlyCount "40"]
[GameId "2160767910565967"]
[EventDate "2007.11.26"]
[EventType "swiss"]
[EventRounds "5"]
[EventCountry "CAN"]

1. e4 c5 2. Nf3 d6 3. d4 cxd4 4. Nxd4 Nf6 5. Nc3 a6 6. Be3 e5 7. Nb3 Be7 8. f3 Be6 9. Be2 Nbd7 10. O-O b5 11. a3 O-O 12. Qe1 Qc7 13. g4 Nb6 14. Nd2 d5 15. exd5 Nbxd5 16. g5 Nxe3 17. gxf6 Bxf6 18. Nce4 Be7 19. Rf2 f5 20. Ng3 Bc5 0-1

[Event "Charlesbourg Olympiade"]
[Site "Charlesbourg CAN"]
[Date "2007.10.08"]
[Round "1"]
[White "Laflamme, Simon"]
[Black "Dorion, Francois"]
[Result "1-0"]
[WhiteElo "1903"]
[BlackElo "1830"]
[PlyCount "38"]
[GameId "2160767910578965"]
[EventDate "2007.10.08"]
[EventType "swiss"]
[EventRounds "6"]
[EventCountry "CAN"]
[SourceTitle "EXT 2022"]
[Source "ChessBase"]
[SourceDate "2021.10.06"]
[SourceVersion "1"]
[SourceVersionDate "2021.10.06"]
[SourceQuality "1"]

1. e4 d6 2. d4 Nf6 3. Nc3 g6 4. Be3 Bg7 5. Qd2 O-O 6. O-O-O c6 7. Bh6 b5 8. Bxg7 Kxg7 9. Bd3 b4 10. Kb1 Be6 11. f4 Nd5 12. h3 Nxc3+ 13. bxc3 bxc3 14. Ka1 f5 15. exf5 Rf7 16. g4 a5 17. g5 Rxf5 18. Bxf5 Kg8 19. Kb1 Kf7 1-0

[Event "Charlesbourg Olympiade"]
[Site "Charlesbourg CAN"]
[Date "2007.10.15"]
[Round "2"]
[White "Bernatchez, Dan"]
[Black "Caron, Sebastien"]
[Result "0-1"]
[WhiteElo "1905"]
[BlackElo "1931"]
[PlyCount "38"]
[GameId "2160767910578967"]
[EventDate "2007.10.08"]
[EventType "swiss"]
[EventRounds "6"]
[EventCountry "CAN"]
[SourceTitle "EXT 2022"]
[Source "ChessBase"]
[SourceDate "2021.10.06"]
[SourceVersion "1"]
[SourceVersionDate "2021.10.06"]
[SourceQuality "1"]

1. e4 c5 2. Nf3 d6 3. d4 cxd4 4. Nxd4 Nf6 5. Nc3 a6 6. Bg5 e6 7. f4 b5 8. e5 dxe5 9. fxe5 Qc7 10. Bf4 Ne4 11. g3 Be7 12. Bg2 O-O 13. O-O Bb7 14. Qh5 Nd7 15. Rae1 g6 16. Qh6 Qb6 17. Qh3 h5 18. Rf2 Bc5 19. Rd2 Bxd4+ 0-1

[Event "Charlesbourg Olympiade"]
[Site "Charlesbourg CAN"]
[Date "2007.10.15"]
[Round "2"]
[White "Chiffot, Nicolas"]
[Black "Dorion, Francois"]
[Result "1/2-1/2"]
[WhiteElo "1918"]
[BlackElo "1830"]
[PlyCount "107"]
[GameId "2160767910578968"]
[EventDate "2007.10.08"]
[EventType "swiss"]
[EventRounds "6"]
[EventCountry "CAN"]
[SourceTitle "EXT 2022"]
[Source "ChessBase"]
[SourceDate "2021.10.06"]
[SourceVersion "1"]
[SourceVersionDate "2021.10.06"]
[SourceQuality "1"]

1. d4 d5 2. c4 Nc6 3. Nc3 e6 4. cxd5 exd5 5. g3 Nf6 6. Bg2 Bb4 7. Bg5 Be6 8. Rc1 h6 9. Bxf6 Qxf6 10. e3 Bxc3+ 11. Rxc3 O-O 12. Ne2 Rfe8 13. O-O Rad8 14. Rc5 Rd6 15. Nf4 Red8 16. Qa4 g5 17. Nxe6 Qxe6 18. Rfc1 a6 19. b4 b5 20. Qb3 Qd7 21. Bxd5 Nxd4 22. Bxf7+ Qxf7 23. Qxf7+ Kxf7 24. Rxc7+ Kf8 25. exd4 Rxd4 26. a3 Rd1+ 27. Kg2 Rxc1 28. Rxc1 Rd6 29. Rc3 Kg7 30. Kf3 Re6 31. Re3 Rc6 32. Ke4 Rc2 33. Kf3 Rc6 34. g4 Kf7 35. Kg3 Kg7 36. h4 Kg6 37. hxg5 hxg5 38. Rd3 Kf6 39. f4 gxf4+ 40. Kxf4 Kg6 41. Rd5 Re6 42. Rg5+ Kh6 43. Rc5 Kg6 44. Rd5 Rc6 45. Rg5+ Kh6 46. Rh5+ Kg6 47. Rg5+ Kh6 48. Rf5 Rd6 49. g5+ Kg6 50. Kg4 Rd4+ 51. Rf4 Rd6 52. Rf6+ Rxf6 53. gxf6 Kxf6 54. Kf4 1/2-1/2

[Event "Charlesbourg Olympiade"]
[Site "Charlesbourg CAN"]
[Date "2007.10.15"]
[Round "2"]
[White "Gagnon, Alain"]
[Black "Gaudreau, Eric"]
[Result "0-1"]
[WhiteElo "1599"]
[BlackElo "1621"]
[PlyCount "68"]
[GameId "2160767910578969"]
[EventDate "2007.10.08"]
[EventType "swiss"]
[EventRounds "6"]
[EventCountry "CAN"]
[SourceTitle "EXT 2022"]
[Source "ChessBase"]
[SourceDate "2021.10.06"]
[SourceVersion "1"]
[SourceVersionDate "2021.10.06"]
[SourceQuality "1"]

1. e4 c5 2. f4 Nc6 3. Nf3 d6 4. d3 g6 5. Be2 Bg7 6. c3 e6 7. Be3 Nge7 8. O-O O-O 9. a4 b6 10. Nbd2 d5 11. Rc1 Bb7 12. e5 Nf5 13. Bf2 h5 14. Ng5 Nxe5 15. Nxe6 fxe6 16. fxe5 Bxe5 17. g3 Rc8 18. Nf3 Bg7 19. d4 Bf6 20. Re1 Rc7 21. Bd3 Qd6 22. Ne5 Rg7 23. Re2 Kh7 24. Qf1 Bxe5 25. Rxe5 cxd4 26. cxd4 Nxd4 27. Rxh5+ Kg8 28. Rh8+ Kxh8 29. Qh3+ Rh7 30. Bxd4+ e5 31. Qg4 exd4 32. Bxg6 Rg7 33. Qxd4 Qxg6 34. Rc7 Qb1+ 0-1

[Event "Charlesbourg Olympiade"]
[Site "Charlesbourg CAN"]
[Date "2007.10.15"]
[Round "2"]
[White "Lapierre, Gaetan"]
[Black "Laflamme, Simon"]
[Result "0-1"]
[WhiteElo "1847"]
[BlackElo "1903"]
[PlyCount "75"]
[GameId "2160767910578970"]
[EventDate "2007.10.08"]
[EventType "swiss"]
[EventRounds "6"]
[EventCountry "CAN"]
[SourceTitle "EXT 2022"]
[Source "ChessBase"]
[SourceDate "2021.10.06"]
[SourceVersion "1"]
[SourceVersionDate "2021.10.06"]
[SourceQuality "1"]

1. e4 c5 2. Nc3 Nc6 3. g3 g6 4. Bg2 Bg7 5. d3 d6 6. Nge2 Nf6 7. h3 O-O 8. O-O Ne8 9. f4 f5 10. Nd5 Rb8 11. c3 fxe4 12. dxe4 b5 13. g4 e6 14. Ne3 Ne7 15. a3 Bb7 16. Qb3 Nc7 17. Bd2 Kh8 18. g5 Qd7 19. Ng3 d5 20. e5 Nf5 21. Nexf5 gxf5 22. Be3 Na6 23. Qd1 Qf7 24. Qh5 Qg8 25. Rfd1 Bc6 26. Qe2 Be8 27. Nh5 Bxh5 28. Qxh5 Rb7 29. Bf1 c4 30. Rd2 Rc8 31. Bf2 Qf8 32. Be2 b4 33. axb4 Rxb4 34. Bf3 Nc5 35. g6 h6 36. Rxd5 Bf6 37. exf6 Qxf6 38. Qxh6+ 0-1

[Event "Charlesbourg Olympiade"]
[Site "Charlesbourg CAN"]
[Date "2007.10.22"]
[Round "3"]
[White "Bisson, Real"]
[Black "Boissinot, Claude"]
[Result "1-0"]
[WhiteElo "1584"]
[BlackElo "1551"]
[PlyCount "46"]
[GameId "2160767910578971"]
[EventDate "2007.10.08"]
[EventType "swiss"]
[EventRounds "6"]
[EventCountry "CAN"]
[SourceTitle "EXT 2022"]
[Source "ChessBase"]
[SourceDate "2021.10.06"]
[SourceVersion "1"]
[SourceVersionDate "2021.10.06"]
[SourceQuality "1"]

1. e4 c5 2. Nf3 e6 3. d4 cxd4 4. Nxd4 Nf6 5. Nc3 d6 6. Be2 a6 7. Be3 Qc7 8. Qd2 b5 9. O-O b4 10. Na4 Nxe4 11. Qxb4 d5 12. Qb6 Bd6 13. Qxc7 Bxc7 14. f3 Nf6 15. Nb3 Nbd7 16. c4 O-O 17. c5 Bb7 18. Rac1 Bc6 19. Nb6 Bb5 20. Bxb5 axb5 21. Nxd5 Nxd5 22. Rfd1 f6 23. Kf1 Nxe3+ 1-0

[Event "Charlesbourg Olympiade"]
[Site "Charlesbourg CAN"]
[Date "2007.10.22"]
[Round "3"]
[White "Dorion, Francois"]
[Black "Lapierre, Gaetan"]
[Result "0-1"]
[WhiteElo "1830"]
[BlackElo "1869"]
[PlyCount "40"]
[GameId "2160767910578972"]
[EventDate "2007.10.08"]
[EventType "swiss"]
[EventRounds "6"]
[EventCountry "CAN"]
[SourceTitle "EXT 2022"]
[Source "ChessBase"]
[SourceDate "2021.10.06"]
[SourceVersion "1"]
[SourceVersionDate "2021.10.06"]
[SourceQuality "1"]

1. d3 d5 2. f4 f5 3. Nf3 Nf6 4. g3 e6 5. Bg2 c5 6. e3 Nc6 7. Qe2 Be7 8. O-O b6 9. Nbd2 Bb7 10. c4 O-O 11. a3 Ng4 12. h3 Nh6 13. b3 Bf6 14. Rb1 dxc4 15. Ne5 Be7 16. e4 fxe4 17. dxe4 a6 18. Kh1 Kh8 19. Ng4 e5 20. Nf2 Qd5 0-1

[Event "Charlesbourg Olympiade"]
[Site "Charlesbourg CAN"]
[Date "2007.10.22"]
[Round "3"]
[White "Gaudreau, Eric"]
[Black "Bluteau, Yvon"]
[Result "0-1"]
[WhiteElo "1621"]
[BlackElo "1710"]
[PlyCount "80"]
[GameId "2160767910578973"]
[EventDate "2007.10.08"]
[EventType "swiss"]
[EventRounds "6"]
[EventCountry "CAN"]
[SourceTitle "EXT 2022"]
[Source "ChessBase"]
[SourceDate "2021.10.06"]
[SourceVersion "1"]
[SourceVersionDate "2021.10.06"]
[SourceQuality "1"]

1. d4 Nf6 2. Nc3 d5 3. Bg5 e6 4. Qd3 Be7 5. Nf3 Nbd7 6. Bxf6 Nxf6 7. g4 c6 8. Ne5 O-O 9. e3 Nd7 10. Nxd7 Bxd7 11. Rg1 b5 12. Bg2 Qa5 13. Qd2 b4 14. Ne2 c5 15. dxc5 Rac8 16. Nd4 Qxc5 17. Rc1 Qd6 18. Bf1 Rc7 19. Bd3 Rfc8 20. Rg3 Bf6 21. Rh3 g6 22. Be2 e5 23. Nb3 Ba4 24. e4 g5 25. Rh5 Bxb3 26. axb3 dxe4 27. Bc4 e3 28. Qd3 exf2+ 29. Kf1 e4 30. Qxe4 Qc6 31. Qxh7+ Kf8 32. Qh6+ Ke7 33. Kxf2 Bd4+ 34. Ke1 Qh1+ 35. Kd2 Qg2+ 36. Be2 Bf6 37. Ke1 Qg1+ 38. Kd2 Rd8+ 39. Bd3 Qf2+ 40. Kd1 Rxd3+ 0-1

[Event "Charlesbourg Olympiade"]
[Site "Charlesbourg CAN"]
[Date "2007.10.22"]
[Round "3"]
[White "Laflamme, Simon"]
[Black "Chiffot, Nicolas"]
[Result "1/2-1/2"]
[WhiteElo "1903"]
[BlackElo "1905"]
[PlyCount "44"]
[GameId "2160767910578974"]
[EventDate "2007.10.08"]
[EventType "swiss"]
[EventRounds "6"]
[EventCountry "CAN"]
[SourceTitle "EXT 2022"]
[Source "ChessBase"]
[SourceDate "2021.10.06"]
[SourceVersion "1"]
[SourceVersionDate "2021.10.06"]
[SourceQuality "1"]

1. e4 a6 2. d4 b5 3. Bd3 Bb7 4. Nf3 e6 5. O-O c5 6. c3 Nf6 7. Qe2 Be7 8. Bg5 c4 9. Bc2 d5 10. e5 Nfd7 11. Bxe7 Qxe7 12. Nbd2 Nc6 13. Ne1 Nb6 14. f4 b4 15. f5 exf5 16. Qe3 f6 17. Nef3 Rc8 18. Rae1 fxe5 19. Nxe5 Nd7 20. Ng4 Qxe3+ 21. Rxe3+ Ne7 22. Nf3 Nb6 1/2-1/2

[Event "Charlesbourg Olympiade"]
[Site "Charlesbourg CAN"]
[Date "2007.10.22"]
[Round "3"]
[White "Lessard, Claude"]
[Black "Bernatchez, Dan"]
[Result "1/2-1/2"]
[WhiteElo "2033"]
[BlackElo "1905"]
[PlyCount "45"]
[GameId "2160767910578975"]
[EventDate "2007.10.08"]
[EventType "swiss"]
[EventRounds "6"]
[EventCountry "CAN"]
[SourceTitle "EXT 2022"]
[Source "ChessBase"]
[SourceDate "2021.10.06"]
[SourceVersion "1"]
[SourceVersionDate "2021.10.06"]
[SourceQuality "1"]

1. d4 Nf6 2. g3 d5 3. Bg2 e6 4. Nf3 c5 5. O-O Nc6 6. b3 Be7 7. dxc5 Bxc5 8. Bb2 O-O 9. e3 Re8 10. Ne5 Qd6 11. Nd3 Bb6 12. Nd2 e5 13. c4 Bg4 14. Qc1 dxc4 15. Bxc6 bxc6 16. Nxe5 Bh3 17. Rd1 Bg4 18. Nxg4 Nxg4 19. Qxc4 Nxe3 20. Qc3 Qh6 21. fxe3 Rxe3 22. Qxg7+ Qxg7 23. Bxg7 1/2-1/2

[Event "Charlesbourg Olympiade"]
[Site "Charlesbourg CAN"]
[Date "2007.11.05"]
[Round "5"]
[White "Caron, Sebastien"]
[Black "Bernatchez, Dan"]
[Result "1-0"]
[WhiteElo "1918"]
[BlackElo "1905"]
[PlyCount "69"]
[GameId "2160767910578976"]
[EventDate "2007.10.08"]
[EventType "swiss"]
[EventRounds "6"]
[EventCountry "CAN"]
[SourceTitle "EXT 2022"]
[Source "ChessBase"]
[SourceDate "2021.10.06"]
[SourceVersion "1"]
[SourceVersionDate "2021.10.06"]
[SourceQuality "1"]

1. e4 e6 2. d4 d5 3. Nd2 Nf6 4. e5 Nfd7 5. f4 c5 6. c3 Nc6 7. Ndf3 cxd4 8. cxd4 Bb4+ 9. Kf2 Qb6 10. g3 g5 11. Ne2 f6 12. exf6 gxf4 13. f7+ Kxf7 14. Nxf4 Be7 15. Ng5+ Bxg5 16. Qh5+ Kf6 17. Nxd5+ exd5 18. Bxg5+ Ke6 19. Bh3+ Kd6 20. Bf4+ Ke7 21. Rhe1+ Nde5 22. Rxe5+ Nxe5 23. Qxe5+ Kf7 24. Qxd5+ Be6 25. Qh5+ Ke7 26. Bg5+ Kd6 27. Bf4+ Ke7 28. Re1 Qxd4+ 29. Kg2 Qxb2+ 30. Re2 Qb6 31. Rxe6+ Qxe6 32. Bxe6 Kxe6 33. Qe5+ Kf7 34. Qd5+ Kg6 35. Qe6+ 1-0

[Event "Charlesbourg Olympiade"]
[Site "Charlesbourg CAN"]
[Date "2007.11.05"]
[Round "5"]
[White "Gaudreau, Eric"]
[Black "Gagnon, Alain"]
[Result "0-1"]
[WhiteElo "1621"]
[BlackElo "1599"]
[PlyCount "34"]
[GameId "2160767910578977"]
[EventDate "2007.10.08"]
[EventType "swiss"]
[EventRounds "6"]
[EventCountry "CAN"]
[SourceTitle "EXT 2022"]
[Source "ChessBase"]
[SourceDate "2021.10.06"]
[SourceVersion "1"]
[SourceVersionDate "2021.10.06"]
[SourceQuality "1"]

1. e4 c5 2. Nf3 d6 3. d4 cxd4 4. Nxd4 Nf6 5. Nc3 g6 6. Be3 Bg7 7. f3 a6 8. Qd2 Nc6 9. Bc4 O-O 10. O-O-O Nxd4 11. Bxd4 b5 12. Bb3 a5 13. a4 Rb8 14. Kb1 Bd7 15. g4 Ra8 16. e5 Ra6 17. Bd5 Nxd5 0-1

[Event "Charlesbourg Olympiade"]
[Site "Charlesbourg CAN"]
[Date "2007.11.05"]
[Round "5"]
[White "Laflamme, Simon"]
[Black "Lapierre, Gaetan"]
[Result "1-0"]
[WhiteElo "1903"]
[BlackElo "1869"]
[PlyCount "59"]
[GameId "2160767910578978"]
[EventDate "2007.10.08"]
[EventType "swiss"]
[EventRounds "6"]
[EventCountry "CAN"]
[SourceTitle "EXT 2022"]
[Source "ChessBase"]
[SourceDate "2021.10.06"]
[SourceVersion "1"]
[SourceVersionDate "2021.10.06"]
[SourceQuality "1"]

1. e4 d5 2. exd5 Qxd5 3. Nc3 Qd8 4. Bc4 Nf6 5. Nf3 e6 6. d4 Be7 7. Bg5 Nbd7 8. Qe2 c6 9. O-O-O b5 10. Bd3 a6 11. h4 Qc7 12. Kb1 O-O 13. Ne4 Re8 14. Nxf6+ Nxf6 15. Bxf6 Bxf6 16. Qe4 g6 17. h5 Bb7 18. hxg6 hxg6 19. Qe3 c5 20. Qh6 c4 21. Qh7+ Kf8 22. Bxg6 Bg7 23. Be4 Bxe4 24. Qxe4 c3 25. bxc3 Qxc3 26. Rd3 Qc7 27. Ng5 Rac8 28. Rf3 Re7 29. Rxf7+ Ke8 30. Rxg7 1-0

[Event "Charlesbourg Olympiade"]
[Site "Charlesbourg CAN"]
[Date "2007.11.12"]
[Round "6"]
[White "Bluteau, Yvon"]
[Black "Gaudreau, Eric"]
[Result "1-0"]
[WhiteElo "1710"]
[BlackElo "1621"]
[PlyCount "65"]
[GameId "2160767910578979"]
[EventDate "2007.10.08"]
[EventType "swiss"]
[EventRounds "6"]
[EventCountry "CAN"]
[SourceTitle "EXT 2022"]
[Source "ChessBase"]
[SourceDate "2021.10.06"]
[SourceVersion "1"]
[SourceVersionDate "2021.10.06"]
[SourceQuality "1"]

1. Nf3 Nf6 2. c4 e6 3. Nc3 d5 4. cxd5 exd5 5. d4 c6 6. Bg5 Nbd7 7. e3 Qa5 8. Bd3 Ne4 9. Qc2 Nxg5 10. Nxg5 h6 11. Nf3 Bb4 12. O-O O-O 13. Ne2 Bd6 14. a3 Qc7 15. b4 Nf6 16. Kh1 Qe7 17. Ng3 Bxg3 18. hxg3 Bd7 19. Ne5 Be6 20. Rac1 Rfc8 21. f3 a5 22. Qb3 axb4 23. axb4 Ra7 24. Qb2 Rca8 25. Ra1 g6 26. Rxa7 Rxa7 27. Qc2 Kg7 28. Bxg6 Qxb4 29. Bf5 Bxf5 30. Qxf5 Qd2 31. f4 Ra2 32. Rg1 Qxe3 33. Qxf6+ 1-0

[Event "Charlesbourg Olympiade"]
[Site "Charlesbourg CAN"]
[Date "2007.11.12"]
[Round "6"]
[White "Chiffot, Nicolas"]
[Black "Laflamme, Simon"]
[Result "1-0"]
[WhiteElo "1905"]
[BlackElo "1903"]
[PlyCount "76"]
[GameId "2160767910578980"]
[EventDate "2007.10.08"]
[EventType "swiss"]
[EventRounds "6"]
[EventCountry "CAN"]
[SourceTitle "EXT 2022"]
[Source "ChessBase"]
[SourceDate "2021.10.06"]
[SourceVersion "1"]
[SourceVersionDate "2021.10.06"]
[SourceQuality "1"]

1. d4 d5 2. c4 c6 3. cxd5 cxd5 4. Nc3 Nf6 5. Nf3 Nc6 6. Bf4 a6 7. e3 Bf5 8. Be2 e6 9. O-O Be7 10. h3 h6 11. Rc1 Rc8 12. Na4 Ne4 13. Nd2 Nxd2 14. Qxd2 Bb4 15. Qd1 O-O 16. a3 Be7 17. Nc5 Na5 18. b4 Bxc5 19. dxc5 Nc6 20. Bd6 Re8 21. Qd2 Qg5 22. Kh2 Ne7 23. Qb2 Ng6 24. g4 Nh4 25. Bf4 Qg6 26. Bg3 Qg5 27. gxf5 Nxf5 28. Rg1 Qe7 29. Bd6 Qd7 30. Be5 g6 31. Rg2 Nh4 32. Rg4 g5 33. Rcg1 f5 34. Rxh4 Kh7 35. Rxg5 Rg8 36. Rxg8 Rxg8 37. Bf6 Rg6 38. Bh5 Rg8 1-0